Sports Quiz

Random Sports or Soccer Quiz
Score 0/286 Timer 18:00
0 Plays Today
% Correct
Enner Valencia
95.5%
Enner Valencia
95.3%
Luis Antonio Valencia
95.3%
Enner Valencia
95.3%
Luis Antonio Valencia
95.2%
Luis Antonio Valencia
95.1%
Enner Valencia
95.1%
Enner Valencia
95.1%
Luis Antonio Valencia
95%
Enner Valencia
95%
Luis Antonio Valencia
94.3%
Luis Antonio Valencia
94.3%
Luis Antonio Valencia
94.3%
Luis Antonio Valencia
94.3%
Luis Antonio Valencia
94.3%
Iván Hurtado
64.4%
Iván Hurtado
64.4%
Iván Hurtado
64.4%
Agustin Delgado
64.4%
Iván Hurtado
64.4%
Agustin Delgado
64.4%
Iván Hurtado
64.4%
Agustin Delgado
64.4%
Iván Hurtado
64.4%
Iván Hurtado
64.4%
Iván Hurtado
64.4%
Agustin Delgado
64.4%
Iván Hurtado
64.4%
Agustin Delgado
64.4%
Iván Hurtado
64.4%
Iván Hurtado
64.4%
Iván Hurtado
64.4%
Iván Hurtado
64.4%
Eduardo Hurtado
64.3%
Eduardo Hurtado
64.3%
Eduardo Hurtado
64.3%
Eduardo Hurtado
64.3%
Ulises de la Cruz
63.8%
Ulises de la Cruz
63.8%
Ulises de la Cruz
63.8%
Ulises de la Cruz
63.8%
Ulises de la Cruz
63.8%
Ulises de la Cruz
63.8%
Ulises de la Cruz
63.8%
Ulises de la Cruz
63.8%
Ulises de la Cruz
63.8%
Ulises de la Cruz
63.8%
Ulises de la Cruz
63.8%
Jhegson Méndez
62.9%
Edison Méndez
62.8%
Edison Méndez
62.8%
Edison Méndez
62.8%
Edison Méndez
62.8%
Edison Méndez
62.8%
Edison Méndez
62.8%
Edison Méndez
62.8%
Edison Méndez
62.8%
Edison Méndez
62.8%
Felipe Caicedo
62.8%
Jhegson Méndez
62.6%
Christian Benitez
62.6%
Christian Benitez
62.6%
Christian Benitez
62.6%
Christian Benitez
62.6%
Christian Benitez
62.6%
Christian Benitez
62.6%
Felipe Caicedo
62.5%
Felipe Caicedo
62.2%
Felipe Caicedo
61.4%
Alexander Dominguez
60.1%
Moisés Caicedo
60%
Alexander Dominguez
59.6%
Alexander Dominguez
59.2%
Walter Ayoví
59.1%
Walter Ayoví
59%
Walter Ayovi
58.9%
Walter Ayovi
58.6%
Iván Kaviedes
58.4%
Iván Kaviedes
58.4%
Walter Ayovi
58.1%
Walter Ayovi
58.1%
Walter Ayovi
58.1%
Walter Ayovi
58.1%
Walter Ayovi
58.1%
Walter Ayovi
58.1%
Marlon Ayovi
58%
Marlon Ayovi
58%
Marlon Ayovi
58%
Marlon Ayovi
58%
Marlon Ayovi
58%
Marlon Ayovi
58%
Jaime Ayovi
58%
Jaime Ayovi
58%
Jaime Ayovi
58%
Beder Caicedo
57.3%
Alexander Dominguez
56.3%
% Correct
Alexander Dominguez
55.8%
Alexander Dominguez
55.7%
Alexander Dominguez
55.5%
Edwin Tenorio
54.8%
Edwin Tenorio
54.8%
Edwin Tenorio
54.8%
Edwin Tenorio
54.8%
Carlos Tenorio
54.8%
Edwin Tenorio
54.8%
Carlos Tenorio
54.8%
Edwin Tenorio
54.8%
Edwin Tenorio
54.8%
Edwin Tenorio
54.8%
Carlos Tenorio
54.8%
Carlos Tenorio
54.8%
Máximo Tenorio
54.6%
Máximo Tenorio
54.6%
Christian Noboa
54%
Christian Noboa
53.4%
Christian Noboa
53.4%
Christian Noboa
52.7%
Jefferson Montero
52.7%
Jefferson Montero
52.5%
Jefferson Montero
52.3%
Jefferson Montero
52%
Álex Aguinaga
51.8%
Álex Aguinaga
51.8%
Álex Aguinaga
51.8%
Álex Aguinaga
51.8%
Álex Aguinaga
51.8%
Fidel Martínez
51.8%
Christian Noboa
51.2%
Christian Noboa
51.2%
Christian Noboa
51.2%
Segundo Castillo
49.7%
Juan Carlos Paredes
49.2%
Juan Carlos Paredes
49%
Segundo Castillo
48.8%
Juan Carlos Paredes
48.7%
Jefferson Montero
48.7%
Segundo Castillo
47.8%
Segundo Castillo
47.8%
Segundo Castillo
47.8%
Segundo Castillo
47.8%
Segundo Castillo
47.8%
Segundo Castillo
47.8%
Juan Carlos Paredes
47.5%
Wellington Sánchez
46.9%
José Cevallos
46.3%
José Cevallos
46.3%
José Cevallos
46.3%
José Cevallos
46.3%
José Cevallos
46.3%
José Cevallos
46.3%
José Cevallos
46.3%
Ángel Fernández
46.3%
Juan Carlos Paredes
44%
Juan Carlos Paredes
44%
Juan Carlos Paredes
44%
Juan Carlos Paredes
44%
Jacinto Espinoza
42.9%
Giovanny Espinoza
42.9%
Giovanny Espinoza
42.9%
Giovanny Espinoza
42.9%
Giovanny Espinoza
42.9%
Giovanny Espinoza
42.9%
Giovanny Espinoza
42.9%
Giovanny Espinoza
42.9%
Giovanny Espinoza
42.9%
Cristian Mora
42.8%
Cristian Ramírez
42%
Cristian Ramírez
41.8%
Arturo Mina
40.3%
Ángel Mena
40%
Alex Renato Ibarra
39.1%
Frickson Erazo
38.7%
Frickson Erazo
38.6%
Miller Bolaños
38.6%
Jorge Guagua
38.5%
Jorge Guagua
38.2%
Máximo Banguera
37.9%
Frickson Erazo
37.9%
Miller Bolaños
37.8%
Romario Ibarra
36.9%
Alex Renato Ibarra
36.9%
Jorge Guagua
36.7%
Frickson Erazo
36.6%
Gabriel Achilier
35.4%
Gabriel Achilier
35.2%
Máximo Banguera
34.9%
Máximo Banguera
34.9%
Raúl Guerrón
34.4%
Raúl Guerrón
34.4%
Joffre Guerrón
34.3%
Gabriel Achilier
33.6%
Isaac Mina
32.7%
% Correct
Miller Bolaños
32.6%
Máximo Banguera
32.3%
Cléber Chalá
31.6%
Cléber Chalá
31.6%
Cléber Chalá
31.6%
Cléber Chalá
31.6%
Cléber Chalá
31.6%
Gabriel Achilier
31.2%
Neicer Reasco
31%
Neicer Reasco
31%
Neicer Reasco
31%
Neicer Reasco
31%
Robert Arboleda
30.9%
Oswaldo Ibarra
30.2%
Carlos Gruezo
30%
Carlos Gruezo
28.9%
Frickson Erazo
28.6%
Luis Saritama
26.7%
Luis Saritama
26.7%
Ángelo Preciado
26.4%
Pedro Quiñónez
26.1%
Ángel Mena
25.9%
Gabriel Achilier
25.4%
Patricio Urrutia
24.9%
Paul Ambrosi
24.2%
Paul Ambrosi
24.2%
Paul Ambrosi
24.2%
Michael Arroyo
24.2%
Hólger Quiñónez
24.1%
Alfonso Obregón
23.6%
Alfonso Obregón
23.6%
Alfonso Obregón
23.6%
Alfonso Obregón
23.6%
Ariel Graziani
23.3%
Ariel Graziani
23.3%
Ariel Graziani
23.3%
Ariel Graziani
23.3%
Pedro Quiñónez
23.2%
Marcelo Elizaga
23.1%
Marcelo Elizaga
23.1%
Carlos Gruezo
22.8%
Robert Arboleda
21.8%
Pervis Estupiñán
21.8%
Robert Arboleda
21.3%
Robert Arboleda
21.2%
Diego Herrera
21%
Edwin Villafuerte
20.4%
Edwin Villafuerte
20.4%
Jairo Campos
20%
Carlos Luis Morales
19.8%
Michael Estrada
19.1%
Ayrton Preciado
18.8%
Alberto Montaño
18.5%
Alberto Montaño
18.5%
Alberto Montaño
18.5%
Alberto Montaño
18.5%
Xavier Arreaga
18.2%
Jefferson Orejuela
17.9%
Ayrton Preciado
17.7%
Óscar Bagüí
17.6%
Tilson Oswaldo Minda
17.5%
Luis Capurro
17.5%
Luis Capurro
17.5%
Luis Capurro
17.5%
Augusto Poroso
17.4%
Augusto Poroso
17.4%
David Quiroz
15.5%
Pedro Velasco
14.5%
Jefferson Orejuela
14.3%
Hector Carabali
13.8%
Hector Carabali
13.8%
Hector Carabali
13.8%
Hector Carabali
13.8%
Wilson Carabali
13.7%
Darío Aimar
13.6%
Geovanny Nazareno
13.4%
Geovanny Nazareno
13.4%
Luis Checa
13.3%
Luis Checa
13.3%
Matías Oyola
12.7%
Omar de Jesús
12.6%
Xavier Arreaga
10.7%
Fricson George
8.9%
Alan Franco
8.7%
Juan Carlos Garay
7.7%
Franklin Anangonó
7.6%
José Gavica
6.5%
Jimmy Blandon
6.2%
Jimmy Blandon
6.2%
Nixon Carcelén
6.1%
Juan Guamán
5.7%
Wagner Rivera
5.3%
Gilson de Souza
4.9%
Enrique Wilfrido Verduga
2.6%
Remove Ads.
Support Sporcle.
Get the best of Sporcle when you Go Orange. This ad-free experience offers more features, more stats, and more fun while also helping to support Sporcle. Thank you for becoming a member.

You're not logged in!

Compare scores with friends on all Sporcle quizzes.
OR
Log In

Show Comments

Extras

Top Quizzes Today


Score Distribution

Your Account Isn't Verified!

In order to create a playlist on Sporcle, you need to verify the email address you used during registration. Go to your Sporcle Settings to finish the process.

Report this User

Report this user for behavior that violates our Community Guidelines.

Details: